000 00964cam a22002533a 4500
001 17917
003 PGUSA
005 20140828083400.0
008 060304s2006||||xxu|||||s|||||000 | eng d
040 _aPGUSA
_beng
042 _adc
050 4 _aHV
100 1 _aGreen, J. H.
_q(Jonathan Harrington),
_d1812-
245 1 0 _aSecret Band of Brothers :
_bA Full and True Exposition of All the Various Crimes, Villanies, and Misdeeds of This Powerful Organization in the United States.
_h[electronic resource] /
_cJ. H. Green
260 _bProject Gutenberg,
_c2006
506 _aPublic domain in the USA.
516 _aElectronic text
653 _aGambling -- United States -- History -- 19th century
653 _aOrganized crime -- United States -- History -- 19th century
653 _aGambling and crime -- United States -- History -- 19th century
830 0 _aProject Gutenberg
_v17917
856 4 0 _uhttp://www.gutenberg.org/ebooks/17917
942 _cEB
999 _c247172
_d247172